Principales corrientes de la ciencia económica moderna : (Record no. 188780)

MARC details
000 -LEADER
campo de control de longitud fija 00789nam a2200205 i 4500
001 - NÚMERO DE CONTROL
campo de control 188780
003 - IDENTIFICADOR DE NÚMERO DE CONTROL
campo de control ES-MaACL
005 - FECHA Y HORA DE LA ÚLTIMA TRANSACCIÓN
campo de control 20250824212439.0
008 - DATOS DE LONGITUD FIJA--INFORMACIÓN GENERAL
campo de control de longitud fija 190214s1966 sp |||| | spa d
100 1# - ENTRADA PRINCIPAL--NOMBRE DE PERSONA
Nombre de persona Seligman, Ben B.
9 (RLIN) 166250
245 10 - MENCIÓN DEL TÍTULO
Título Principales corrientes de la ciencia económica moderna :
Resto del título (el pensamiento económico después de 1870) /
Mención de responsabilidad, etc. Ben B. Seligman ; versión de Antonio Casahuga Vinardell ... [et al.].
260 ## - PUBLICACIÓN, DISTRIBUCIÓN, ETC.
Lugar de publicación, distribución, etc. Barcelona :
Nombre del editor, distribuidor, etc. Occidente,
Fecha de publicación, distribución, etc. [1966]
300 ## - DESCRIPCIÓN FÍSICA
Extensión 961 p. ;
Dimensiones 24 cm.
490 1# - MENCIÓN DE SERIE
Mención de serie Libros de economía Oikos. Mega Oikos ;
Designación de volumen o secuencia 2
650 04 - PUNTO DE ACCESO ADICIONAL DE MATERIA--TÉRMINO DE MATERIA
Término de materia o nombre geográfico como elemento de entrada Economía-
Subdivisión de forma Historia.
9 (RLIN) 12012
700 1# - ENTRADA AGREGADA--NOMBRE PERSONAL
Nombre de persona Casahuga Vinardell, Antonio.
9 (RLIN) 36034
830 10 - PUNTO DE ACCESO ADICIONAL DE SERIE-TÍTULO UNIFORME
Título uniforme Libros de economía Oikos
Designación de volumen o secuencia 2
9 (RLIN) 193243
852 ## - LOCALIZACIÓN
Ubicación ES-MaACL
Número de control de estantería P-477-Ter-2
Holdings
Estatus retirado Estado de pérdida Estado de daño No para préstamo Biblioteca de origen Biblioteca actual Ubicación en estantería Fecha de adquisición Fuente de adquisición Total de préstamos Signatura topográfica completa Código de barras Visto por última vez Precio de reemplazo Tipo de ítem Koha
        Biblioteca del Ateneo de Madrid Biblioteca del Ateneo de Madrid Depósito 2 14/02/2019     P-477-Ter-2 1199910 23/02/2023 23/02/2023 Libro impreso